000 00665cam a22002411 4500
001 9843657
003 OSt
005 20250901165645.0
008 720424s1962 nyu 000 1 eng
010 _a 62009923
035 _a(OCoLC)292030
040 _aDLC
_cODaWU
_dOCoLC
_dDLC
042 _apremarc
050 0 0 _aPZ4.S168 No 1962
_bNo
_aPS3569.A4596
100 1 _aSalisbury, Harrison E.
_q(Harrison Evans),
_d1908-1993.
245 1 4 _aThe Northern Palmyra affair.
250 _a[1st ed.]
260 _aNew York,
_bHarper
_c[1962]
300 _a310 p.
_c22 cm.
500 _aA novel.
906 _a7
_bcbc
_coclcrpl
_du
_encip
_f19
_gy-gencatlg
942 _2lcc
_cBK
999 _c7330
_d7330